|
|
|
|
| LEADER |
01024cam a2200253 7i4500 |
| 001 |
0000026691 |
| 005 |
20110802090000.0 |
| 020 |
0 |
0 |
|a 9789670192024
|
| 090 |
0 |
0 |
|a M 338.09595
|b MAJ
|
| 110 |
2 |
0 |
|a Majlis Penasihat Ekonomi Negara (MPEN)
|
| 245 |
2 |
0 |
|a Model baru ekonomi untuk Malaysia bahagian akhir :
|b langkah dasar strategik.
|
| 260 |
0 |
0 |
|a Putrajaya:
|b MPEN,
|c 2010.
|
| 300 |
# |
# |
|a 32 p.
|
| 650 |
0 |
0 |
|a Economic policy --
|z Malaysia
|
| 650 |
0 |
0 |
|a Economic forecasting --
|z Malaysia
|
| 650 |
0 |
0 |
|a New economic model --
|z Malaysia
|
| 651 |
0 |
0 |
|a Malaysia
|
| 999 |
|
|
|a JHR000263H
|b Book
|c Malaysia
|e MATRADE Southern Regional Office
|
| 999 |
|
|
|a 0000028809
|b Book
|c Malaysia
|e Business Information Centre
|
| 999 |
|
|
|a 0000028810
|b Book
|c Malaysia
|e Business Information Centre
|
| 999 |
|
|
|a PNG000971H
|b Book
|c Malaysia
|e MATRADE Northern Regional Office
|
| 999 |
|
|
|a SBH000939H
|b Book
|c Malaysia
|e MATRADE Sabah
|
| 999 |
|
|
|a SRW000366H
|b Book
|c Malaysia
|e MATRADE Sarawak
|
| 999 |
|
|
|a TRG000248H
|b Book
|c Malaysia
|e MATRADE Eastern Regional Office
|